[Event "BCF-chT 2122 (4NCL)"]
[Site "England"]
[Date "2022.03.27"]
[Round "6.43"]
[White "Batchelor, Peter"]
[Black "Adair, James R"]
[Result "1/2-1/2"]
[WhiteElo "2318"]
[BlackElo "2444"]
[PlyCount "88"]
[EventDate "2021.11.27"]
[EventType "team-swiss"]
[EventRounds "11"]
[EventCountry "ENG"]
[SourceTitle "EXT 2023"]
[Source "ChessBase"]
[SourceDate "2022.10.05"]
[SourceVersion "1"]
[SourceVersionDate "2022.10.05"]
[SourceQuality "1"]
[WhiteTeam "The Sharks"]
[BlackTeam "Chessable White Rose"]
[WhiteTeamCountry "ENG"]
[BlackTeamCountry "ENG"]

1. d4 d5 2. c4 c6 3. Nf3 Nf6 4. e3 Bf5 5. Nc3 e6 6. Qb3 Qc7 7. Nh4 Be4 8. f3 Bg6 9. Nxg6 hxg6 10. Bd2 a6 11. g3 Bd6 12. f4 Nbd7 13. Bg2 Rc8 14. e4 dxe4 15. Nxe4 Nxe4 16. Bxe4 0-0 17. 0-0 Be7 18. Rad1 Rfd8 19. Be3 b5 20. Bf2 Nb6 21. cxb5 cxb5 22. h4 Bf6 23. Qf3 Rd7 24. h5 gxh5 25. f5 e5 26. dxe5 Bxe5 27. Kg2 Rxd1 28. Rxd1 Nd7 29. Qxh5 Nf6 30. Qh4 Nxe4 31. Rh1 g5 32. Qxe4 Bxb2 33. Be3 Qc2+ 34. Qxc2 Rxc2+ 35. Kf3 Bf6 36. Kg4 Rxa2 37. Bxg5 Ra4+ 38. Kh5 Bxg5 39. Kxg5 b4 40. Rh4 a5 41. Kf6 Ra3 42. Rg4+ Kf8 43. Rg7 Ke8 44. Rxf7 Rxg3 1/2-1/2

[Event "BCF-chT 2122 (4NCL)"]
[Site "England"]
[Date "2022.02.12"]
[Round "3.15"]
[White "Batchelor, Peter"]
[Black "Harvey, Marcus Ross"]
[Result "0-1"]
[WhiteElo "2318"]
[BlackElo "2464"]
[PlyCount "258"]
[EventDate "2021.11.27"]
[EventType "team-swiss"]
[EventRounds "11"]
[EventCountry "ENG"]
[SourceTitle "EXT 2023"]
[Source "ChessBase"]
[SourceDate "2022.10.05"]
[SourceVersion "1"]
[SourceVersionDate "2022.10.05"]
[SourceQuality "1"]
[WhiteTeam "The Sharks"]
[BlackTeam "Wood Green"]
[WhiteTeamCountry "ENG"]
[BlackTeamCountry "ENG"]

1. d4 Nf6 2. c4 e6 3. g3 d5 4. Nf3 Bb4+ 5. Bd2 Bd6 6. Bg2 0-0 7. 0-0 Ne4 8. Qc2 c6 9. Rd1 Nd7 10. Be1 f5 11. Nbd2 Qf6 12. Nf1 Qh6 13. b4 g5 14. b5 cxb5 15. cxb5 g4 16. N3d2 Ng5 17. Nb3 Nf6 18. Nc5 b6 19. Nd3 Bd7 20. Qb3 Rfc8 21. Bb4 Bxb4 22. Qxb4 Qf8 23. Qb2 Rc7 24. a4 Rac8 25. Ne3 Qd6 26. Ne5 Be8 27. Qd2 Nf7 28. Nxf7 Kxf7 29. Rdc1 h5 30. Rc2 Rxc2 31. Nxc2 Qc7 32. Nb4 Qc3 33. Qxc3 Rxc3 34. Nd3 Ke7 35. Kf1 Rc4 36. e3 Ne4 37. Ke1 Nc3 38. a5 Nxb5 39. axb6 axb6 40. Ra6 Rc6 41. Kd2 Nc7 42. Ra7 Kd8 43. Ne5 Rd6 44. Bf1 Kc8 45. Ba6+ Nxa6 46. Rxa6 Kb7 47. Ra1 Rd8 48. Kc3 Rc8+ 49. Kb2 Rc7 50. h4 gxh3 51. Rh1 Ba4 52. Ka3 b5 53. Rxh3 Kb6 54. Kb4 Rc2 55. Nd7+ Kc6 56. Ne5+ Kb6 57. Nd7+ Kc7 58. Nc5 Rb2+ 59. Kc3 Rxf2 60. Rxh5 Rf3 61. Kd3 Kb6 62. Nxe6 b4 63. Rh8 Bb5+ 64. Kc2 Bc4 65. Rb8+ Kc6 66. Rxb4 Rxe3 67. Nd8+ Kc7 68. Nf7 Rxg3 69. Ne5 Rg2+ 70. Kd1 Be2+ 71. Ke1 f4 72. Ra4 Kb6 73. Ra8 Bc4 74. Rb8+ Ka5 75. Rf8 Re2+ 76. Kd1 Re4 77. Kc2 Be2 78. Kc3 Kb5 79. Rb8+ Ka6 80. Rf8 Kb6 81. Nd7+ Kb5 82. Nc5 Re3+ 83. Kd2 Re7 84. Rxf4 Kc4 85. Nd7 Rxd7 86. Kxe2 Rh7 87. Rg4 Kc3 88. Kd1 Rh1+ 89. Ke2 Ra1 90. Rh4 Ra2+ 91. Ke3 Rd2 92. Rg4 Rh2 93. Rf4 Rh8 94. Ke2 Re8+ 95. Kd1 Re3 96. Rh4 Kd3 97. Rg4 Rh3 98. Ke1 Rh1+ 99. Kf2 Ra1 100. Rh4 Rb1 101. Rg4 Rb8 102. Ke1 Re8+ 103. Kd1 Rf8 104. Ke1 Rf3 105. Rh4 Rg3 106. Kf2 Rg8 107. Ke1 Rg7 108. Rh3+ Kxd4 109. Kd2 Rg2+ 110. Kd1 Kc4 111. Ke1 Rc2 112. Kd1 Rc3 113. Rh4+ d4 114. Rh8 Ra3 115. Kd2 Ra2+ 116. Kc1 Kc3 117. Rc8+ Kd3 118. Rh8 Ra1+ 119. Kb2 Re1 120. Rh3+ Kd2 121. Rh2+ Re2 122. Rh1 Re1 123. Rh2+ Kd1 124. Kb3 Re3+ 125. Kc4 d3 126. Kd4 Rg3 127. Kc3 d2+ 128. Kb2 Rd3 129. Rh1+ Ke2 0-1

[Event "BCF-chTb 1819 (4NCL)"]
[Site "Daventry"]
[Date "2019.01.13"]
[Round "4.74"]
[White "Kalavannan, Koby"]
[Black "Batchelor, Peter"]
[Result "1-0"]
[WhiteElo "2339"]
[BlackElo "2316"]
[PlyCount "105"]
[EventDate "2018.11.10"]
[EventType "team-tourn"]
[EventRounds "11"]
[EventCountry "ENG"]
[SourceTitle "CBM 188 Extra"]
[Source "ChessBase"]
[SourceDate "2019.02.26"]
[SourceVersion "1"]
[SourceVersionDate "2019.02.26"]
[SourceQuality "1"]
[WhiteTeam "Wood Green Monarchs"]
[BlackTeam "Grantham Sharks"]
[WhiteTeamCountry "ENG"]
[BlackTeamCountry "ENG"]

1. d4 c5 2. d5 e5 3. e4 d6 4. Nc3 Be7 5. Nf3 Bg4 6. a4 a6 7. a5 Nd7 8. Be3 Bxf3 9. Qxf3 Bg5 10. Nd1 h6 11. b3 Qf6 12. Nb2 Bxe3 13. Qxe3 Qf4 14. Qxf4 exf4 15. Nc4 Ke7 16. g3 Ngf6 17. gxf4 Nxe4 18. Bg2 Nc3 19. Kd2 Nb5 20. Rae1+ Kf8 21. Re3 Re8 22. Rhe1 Nf6 23. Nb6 Rxe3 24. Rxe3 g5 25. c3 gxf4 26. Re1 Rg8 27. Bh3 Rg5 28. Bc8 Rg2 29. Bxb7 Rxf2+ 30. Re2 Ne4+ 31. Ke1 Rxe2+ 32. Kxe2 Nexc3+ 33. Kf3 Nd4+ 34. Kxf4 Nxb3 35. Nc4 Ke7 36. Kg4 Nd4 37. Ne3 Kf6 38. Bxa6 Ke5 39. Bb7 f5+ 40. Kh3 Ndb5 41. a6 Ne4 42. Nc2 f4 43. Na3 Nc7 44. a7 Nc3 45. Nc4+ Kd4 46. Nxd6 N3xd5 47. Ne8 c4 48. Bxd5 c3 49. Nxc7 c2 50. a8Q c1Q 51. Qa4+ Ke5 52. Qe8+ Kd4 53. Qe4+ 1-0

[Event "BCF-chTb 1819 (4NCL)"]
[Site "Daventry"]
[Date "2018.11.10"]
[Round "1.5"]
[White "Parligras, Mircea Emilian"]
[Black "Batchelor, Peter"]
[Result "1-0"]
[WhiteElo "2645"]
[BlackElo "2324"]
[PlyCount "35"]
[EventDate "2018.11.10"]
[EventType "team-tourn"]
[EventRounds "11"]
[EventCountry "ENG"]
[SourceTitle "CBM 187 Extra"]
[Source "ChessBase"]
[SourceDate "2018.11.04"]
[SourceVersion "1"]
[SourceVersionDate "2018.11.04"]
[SourceQuality "1"]
[WhiteTeam "Manx Liberty"]
[BlackTeam "Grantham Sharks"]
[WhiteTeamCountry "ENG"]
[BlackTeamCountry "ENG"]

1. e4 c6 2. Nc3 d5 3. Nf3 dxe4 4. Nxe4 Nf6 5. Qe2 Bg4 6. Nxf6+ gxf6 7. h3 Bxf3 8. Qxf3 Qd5 9. Be2 e6 10. 0-0 f5 11. d4 Bg7 12. Qg3 Rg8 13. c4 Qxd4 14. Rd1 Qe5 15. Bf4 Qxe2 16. Bxb8 f4 17. Qxf4 Bf6 18. Rd2 1-0

[Event "BCF-chT1c 1718 (4NCL) Promotion pool"]
[Site "England"]
[Date "2018.03.18"]
[Round "8.43"]
[White "Batchelor, Peter"]
[Black "Gretarsson, Hjorvar Steinn"]
[Result "0-1"]
[WhiteElo "2332"]
[BlackElo "2571"]
[PlyCount "79"]
[EventDate "2017.01.11"]
[EventType "team-swiss"]
[EventRounds "11"]
[EventCountry "ENG"]
[SourceTitle "EXT 2019"]
[Source "ChessBase"]
[SourceDate "2018.10.10"]
[SourceVersion "1"]
[SourceVersionDate "2018.10.10"]
[SourceQuality "1"]
[WhiteTeam "Grantham Sharks"]
[BlackTeam "Cheddleton"]
[WhiteTeamCountry "ENG"]
[BlackTeamCountry "ENG"]

1. Nf3 c5 2. c4 Nc6 3. Nc3 Nf6 4. d4 cxd4 5. Nxd4 e6 6. e4 Bb4 7. Nxc6 bxc6 8. Bd3 0-0 9. 0-0 e5 10. Qc2 h6 11. a3 Bc5 12. b4 Bd4 13. Rb1 d5 14. cxd5 cxd5 15. Nxd5 Nxd5 16. exd5 Bb7 17. Bc4 Rc8 18. Qa2 Qh4 19. Bb3 Ba6 20. Rd1 Rc3 21. Be3 Bxe3 22. fxe3 Rxe3 23. Qf2 Qxf2+ 24. Kxf2 Rc3 25. Rdc1 Rfc8 26. Rxc3 Rxc3 27. d6 Bb5 28. a4 Bd7 29. b5 Kf8 30. Ke2 e4 31. Bd5 Bg4+ 32. Kf1 e3 33. a5 Bf5 34. Rd1 Bd3+ 35. Ke1 Bxb5 36. Bxf7 Rc2 37. Rb1 Re2+ 38. Kd1 Rd2+ 39. Ke1 Bd3 40. Rb7 0-1

[Event "BCF-chT1a 1718 (4NCL)"]
[Site "England"]
[Date "2018.02.10"]
[Round "5.43"]
[White "Richardson, John R"]
[Black "Batchelor, Peter"]
[Result "1/2-1/2"]
[WhiteElo "2252"]
[BlackElo "2332"]
[PlyCount "87"]
[EventDate "2017.11.11"]
[EventType "team-swiss"]
[EventRounds "11"]
[EventCountry "ENG"]
[SourceTitle "EXT 2019"]
[Source "ChessBase"]
[SourceDate "2018.10.10"]
[SourceVersion "1"]
[SourceVersionDate "2018.10.10"]
[SourceQuality "1"]
[WhiteTeam "The ADS"]
[BlackTeam "Grantham Sharks"]
[WhiteTeamCountry "ENG"]
[BlackTeamCountry "ENG"]

1. e4 c6 2. Nf3 d5 3. Nc3 Nf6 4. e5 Ne4 5. Ne2 Qb6 6. d4 e6 7. Nfg1 f6 8. f3 Ng5 9. exf6 gxf6 10. f4 Nf7 11. Nf3 c5 12. f5 Nc6 13. Nf4 Nxd4 14. Nxd4 cxd4 15. fxe6 Bxe6 16. Bd3 Ne5 17. 0-0 Bf7 18. a4 0-0-0 19. a5 Qc7 20. Bf5+ Kb8 21. a6 b6 22. Kh1 h5 23. h3 h4 24. Qxd4 Bc5 25. Qd1 Rhe8 26. b3 Nc6 27. Nd3 Bd6 28. Bf4 d4 29. Qg4 Bxf4 30. Qxf4 Qxf4 31. Nxf4 Re5 32. Bh7 Ne7 33. Nd3 Rh5 34. Be4 Bd5 35. Rae1 Bxe4 36. Rxe4 Nf5 37. Rxf5 Rxf5 38. Rxh4 Rb5 39. Rh7 Rc8 40. Rb7+ Ka8 41. Rd7 Kb8 42. Rb7+ Ka8 43. Rd7 Kb8 44. Rb7+ 1/2-1/2

[Event "BCF-chT1a 1718 (4NCL)"]
[Site "England"]
[Date "2018.01.14"]
[Round "4.23"]
[White "Batchelor, Peter"]
[Black "Ashton, Adam"]
[Result "1/2-1/2"]
[WhiteElo "2332"]
[BlackElo "2383"]
[PlyCount "92"]
[EventDate "2017.11.11"]
[EventType "team-swiss"]
[EventRounds "11"]
[EventCountry "ENG"]
[SourceTitle "EXT 2019"]
[Source "ChessBase"]
[SourceDate "2018.10.10"]
[SourceVersion "1"]
[SourceVersionDate "2018.10.10"]
[SourceQuality "1"]
[WhiteTeam "Grantham Sharks"]
[BlackTeam "3CS Oldham"]
[WhiteTeamCountry "ENG"]
[BlackTeamCountry "ENG"]

1. d4 d5 2. c4 e6 3. Nc3 Nf6 4. cxd5 exd5 5. Bg5 Be7 6. e3 c6 7. Bd3 Nbd7 8. Qc2 h6 9. Bf4 Nh5 10. Bg3 Nxg3 11. hxg3 Nb6 12. Nf3 Be6 13. 0-0 0-0 14. Ne2 Bd6 15. Nf4 Bd7 16. Bh7+ Kh8 17. Bf5 Re8 18. Rfc1 a5 19. a4 Bxf5 20. Qxf5 Qe7 21. Qh3 Kg8 22. g4 Bxf4 23. exf4 Qe4 24. f5 Qf4 25. Rc3 Re4 26. Rb3 Ra6 27. Ne5 Rxd4 28. Nd3 Qd6 29. f6 Qxf6 30. Nc5 Nc4 31. Nxa6 bxa6 32. g5 Qxg5 33. Qc8+ Kh7 34. Qxc6 Rg4 35. g3 Rd4 36. Qe8 Qf5 37. Rb8 Rd2 38. Rf1 Ne5 39. Qg8+ Kg6 40. Rb6+ f6 41. Rb7 Nf3+ 42. Kg2 Nh4+ 43. gxh4 Qg4+ 44. Kh2 Qxh4+ 45. Kg2 Qg4+ 46. Kh2 Qh4+ 1/2-1/2

[Event "BCF-chT1a 1718 (4NCL)"]
[Site "England"]
[Date "2018.01.13"]
[Round "3.33"]
[White "Lund, D Brett"]
[Black "Batchelor, Peter"]
[Result "0-1"]
[WhiteElo "2258"]
[BlackElo "2332"]
[PlyCount "86"]
[EventDate "2017.11.11"]
[EventType "team-swiss"]
[EventRounds "11"]
[EventCountry "ENG"]
[SourceTitle "EXT 2019"]
[Source "ChessBase"]
[SourceDate "2018.10.10"]
[SourceVersion "1"]
[SourceVersionDate "2018.10.10"]
[SourceQuality "1"]
[WhiteTeam "Spirit of Atticus"]
[BlackTeam "Grantham Sharks"]
[WhiteTeamCountry "ENG"]
[BlackTeamCountry "ENG"]

1. c4 Nf6 2. g3 c6 3. Nf3 g6 4. b3 Bg7 5. Bb2 0-0 6. Bg2 d5 7. 0-0 Nbd7 8. Qc2 a5 9. d3 Re8 10. Nc3 dxc4 11. bxc4 e5 12. Ba3 Bf8 13. Bxf8 Nxf8 14. Ng5 Qe7 15. Na4 N6d7 16. Ne4 f5 17. Nec3 Ne6 18. e3 Qd6 19. Rab1 Rb8 20. Rfd1 b6 21. d4 exd4 22. exd4 Nxd4 23. Qd2 c5 24. Nb5 Nxb5 25. Qxd6 Nxd6 26. Rxd6 Kg7 27. Bc6 Re7 28. Bxd7 Rxd7 29. Rxd7+ Bxd7 30. Rxb6 Rxb6 31. Nxb6 Bc6 32. f4 Kf6 33. Kf2 Ke6 34. Ke3 Kd6 35. Kd3 h6 36. Nc8+ Kd7 37. Nb6+ Kd6 38. h4 Kc7 39. Nd5+ Bxd5 40. cxd5 Kd6 41. Kc4 a4 42. Kb5 Kxd5 43. Kxa4 Kc4 0-1

[Event "GBR-ch 104th"]
[Site "Llandudno"]
[Date "2017.08.03"]
[Round "6"]
[White "Batchelor, Peter"]
[Black "Gayson, Peter"]
[Result "1-0"]
[WhiteElo "2309"]
[BlackElo "2160"]
[PlyCount "71"]
[EventDate "2017.07.29"]
[EventType "swiss"]
[EventRounds "9"]
[EventCountry "WLS"]
[SourceTitle "CBM 179 Extra"]
[Source "ChessBase"]
[SourceDate "2017.08.23"]
[SourceVersion "1"]
[SourceVersionDate "2017.08.23"]
[SourceQuality "1"]

1. d4 f5 2. g3 g6 3. h4 Nh6 4. h5 Nf7 5. hxg6 hxg6 6. Rxh8 Nxh8 7. Nc3 d5 8. Nf3 Bg7 9. Bf4 Nf7 10. Qd2 c6 11. 0-0-0 Nd7 12. Ng5 Nxg5 13. Bxg5 Nf6 14. f3 b5 15. e4 fxe4 16. fxe4 Nxe4 17. Nxe4 dxe4 18. Bg2 Qd5 19. Qf4 Bf5 20. g4 e5 21. Qg3 Be6 22. dxe5 Bxe5 23. Qa3 Bxb2+ 24. Kxb2 Qxg5 25. Qc3 Kf7 26. Rf1+ Ke7 27. Bxe4 Rf8 28. Qa3+ c5 29. Qxa7+ Bd7 30. Rd1 Qxg4 31. Qxc5+ Ke8 32. Re1 Be6 33. Bc6+ Kf7 34. Rf1+ Bf5 35. Bd5+ Kg7 36. Qe7+ 1-0

[Event "GBR-ch 104th"]
[Site "Llandudno"]
[Date "2017.08.01"]
[Round "4"]
[White "Batchelor, Peter"]
[Black "Richardson, Alex"]
[Result "1-0"]
[WhiteElo "2309"]
[BlackElo "2147"]
[PlyCount "95"]
[EventDate "2017.07.29"]
[EventType "swiss"]
[EventRounds "9"]
[EventCountry "WLS"]
[SourceTitle "CBM 179 Extra"]
[Source "ChessBase"]
[SourceDate "2017.08.23"]
[SourceVersion "1"]
[SourceVersionDate "2017.08.23"]
[SourceQuality "1"]

1. d4 d5 2. c4 e6 3. Nf3 Nf6 4. g3 Bb4+ 5. Bd2 Be7 6. Bg2 0-0 7. 0-0 Nbd7 8. Qc2 c6 9. b3 b6 10. Bc3 Bb7 11. Nbd2 Rc8 12. e4 Qc7 13. Rad1 c5 14. dxc5 dxc4 15. bxc4 Nxc5 16. Rfe1 Ncxe4 17. Nxe4 Bxe4 18. Rxe4 Nxe4 19. Qxe4 Qxc4 20. Bd4 Bf6 21. Ne5 Bxe5 22. Bxe5 Qxe4 23. Bxe4 Rfd8 24. Re1 Rd2 25. a3 f6 26. Bf4 Rd4 27. Bb7 Re8 28. Bc6 Re7 29. Bb5 Kf7 30. Rc1 Rd8 31. a4 g5 32. Be3 h6 33. h4 gxh4 34. gxh4 Rg8+ 35. Kh2 Rg4 36. Kh3 h5 37. Rc8 Kg7 38. Rc1 Kg6 39. Ra1 Rb4 40. Bd3+ f5 41. Be2 Rh7 42. a5 e5 43. axb6 axb6 44. Rc1 Rf7 45. Bg5 f4 46. Rc6+ Kf5 47. Bxh5 Rf8 48. Bg6# 1-0

[Event "GRB-ch Universities"]
[Site "Birmingham"]
[Date "2017.02.26"]
[Round "5.2"]
[White "Batchelor, Peter"]
[Black "Serbanescu, Diana Maria"]
[Result "1-0"]
[WhiteElo "2327"]
[BlackElo "1982"]
[PlyCount "71"]
[EventDate "2017.02.25"]
[EventType "team-swiss"]
[EventRounds "5"]
[EventCountry "ENG"]
[SourceTitle "CBM 177 Extra"]
[Source "ChessBase"]
[SourceDate "2017.04.27"]
[SourceVersion "1"]
[SourceVersionDate "2017.04.27"]
[SourceQuality "1"]
[WhiteTeam "Warwicks Select"]
[BlackTeam "UCL"]
[WhiteTeamCountry "ENG"]
[BlackTeamCountry "ENG"]

1. d4 Nf6 2. c4 g6 3. Nf3 Bg7 4. Nc3 d6 5. Bg5 h6 6. Bh4 g5 7. Bg3 Nh5 8. e3 Nxg3 9. hxg3 Nd7 10. Qc2 c6 11. Be2 Qc7 12. 0-0-0 a6 13. Nxg5 hxg5 14. Rxh8+ Bxh8 15. Qh7 Bxd4 16. Qg8+ Nf8 17. exd4 Be6 18. Qxg5 0-0-0 19. d5 cxd5 20. cxd5 Bd7 21. Kb1 f6 22. Qe3 Bf5+ 23. Ka1 Kb8 24. g4 Bg6 25. g5 Rc8 26. g4 Nh7 27. gxf6 exf6 28. f4 Re8 29. Qd4 b5 30. f5 Bf7 31. a4 Qa5 32. b4 Qc7 33. axb5 a5 34. b6 Qb7 35. bxa5 Bxd5 36. Qxd5 1-0

[Event "GRB-ch Universities"]
[Site "Birmingham"]
[Date "2017.02.26"]
[Round "4.2"]
[White "Batchelor, Peter"]
[Black "Starley, Robert"]
[Result "1-0"]
[WhiteElo "2327"]
[BlackElo "2045"]
[PlyCount "63"]
[EventDate "2017.02.25"]
[EventType "team-swiss"]
[EventRounds "5"]
[EventCountry "ENG"]
[SourceTitle "CBM 177 Extra"]
[Source "ChessBase"]
[SourceDate "2017.04.27"]
[SourceVersion "1"]
[SourceVersionDate "2017.04.27"]
[SourceQuality "1"]
[WhiteTeam "Warwicks Select"]
[BlackTeam "Leeds"]
[WhiteTeamCountry "ENG"]
[BlackTeamCountry "ENG"]

1. d4 Nf6 2. c4 e6 3. Nf3 d5 4. Nc3 Be7 5. Bf4 0-0 6. e3 a6 7. Qc2 Nc6 8. a3 dxc4 9. Bxc4 b5 10. Bd3 Bb7 11. 0-0 h6 12. h3 Qd7 13. Rfd1 Nd5 14. Nxd5 exd5 15. Bh7+ Kh8 16. Bf5 Qd8 17. e4 dxe4 18. Bxe4 Bd6 19. Bxd6 Qxd6 20. Rac1 Na5 21. Bxb7 Nxb7 22. Qxc7 Qd5 23. Re1 Rac8 24. Qxc8 Rxc8 25. Rxc8+ Kh7 26. Ree8 Na5 27. Ne5 g6 28. Re7 h5 29. Rxf7+ Kh6 30. Rh8+ Kg5 31. f4+ Kh4 32. Kh2 1-0

[Event "PRO League Stage"]
[Site "Chess.com INT"]
[Date "2017.02.15"]
[Round "6"]
[White "Batchelor, Peter"]
[Black "Gretarsson, Hjorvar Steinn"]
[Result "1/2-1/2"]
[WhiteElo "2352"]
[BlackElo "2563"]
[PlyCount "88"]
[EventDate "2017.01.11"]
[EventType "team-swiss (rapid)"]
[EventRounds "7"]
[EventCountry "USA"]
[SourceTitle "CBM 176 Extra"]
[Source "ChessBase"]
[SourceDate "2017.03.02"]
[SourceVersion "1"]
[SourceVersionDate "2017.03.02"]
[SourceQuality "1"]
[WhiteTeam "London Lions"]
[BlackTeam "Reykjavik Puffins"]
[WhiteTeamCountry "ENG"]
[BlackTeamCountry "ISL"]

1. d4 f5 2. g3 Nf6 3. Bg2 g6 4. Nf3 Bg7 5. 0-0 0-0 6. c4 d6 7. Nc3 Qe8 8. Re1 e5 9. dxe5 dxe5 10. e4 fxe4 11. Ng5 Nc6 12. Ngxe4 Nxe4 13. Nxe4 Be6 14. Be3 Rd8 15. Qe2 Nd4 16. Bxd4 Rxd4 17. b3 Qe7 18. Rad1 Rfd8 19. Rxd4 Rxd4 20. Rd1 Bf7 21. h4 h6 22. Nc3 Qd7 23. Bd5 Kh7 24. Qf3 Bxd5 25. Rxd4 exd4 26. Nxd5 c6 27. Nf4 Qf5 28. Qd3 Be5 29. Qxf5 gxf5 30. Nd3 Bd6 31. Kg2 h5 32. Kf3 Kg6 33. Ke2 f4 34. gxf4 Kf5 35. Kf3 c5 36. a3 a5 37. Ke2 b6 38. f3 Bxf4 39. Kf2 Bd6 40. Kg2 b5 41. a4 bxc4 42. bxc4 Be7 43. Kg3 Bf8 44. Kh3 Bd6 1/2-1/2

[Event "BCF-chT1b 1617 (4NCL)"]
[Site "England"]
[Date "2017.02.12"]
[Round "6.56"]
[White "Pert, Nicholas"]
[Black "Batchelor, Peter"]
[Result "1-0"]
[WhiteElo "2566"]
[BlackElo "2361"]
[PlyCount "49"]
[EventDate "2016.11.19"]
[EventType "team-tourn"]
[EventRounds "7"]
[EventCountry "ENG"]
[SourceTitle "EXT 2018"]
[Source "ChessBase"]
[SourceDate "2017.10.13"]
[SourceVersion "1"]
[SourceVersionDate "2017.10.13"]
[SourceQuality "1"]
[WhiteTeam "Guildford"]
[BlackTeam "Grantham Sharks"]
[WhiteTeamCountry "ENG"]
[BlackTeamCountry "ENG"]

1. d4 Nf6 2. Nf3 d5 3. c4 e6 4. Nc3 Be7 5. Bf4 0-0 6. e3 Nbd7 7. Be2 dxc4 8. 0-0 Nd5 9. Bxc4 Nxf4 10. exf4 Nb6 11. Bd3 Nd5 12. g3 Nxc3 13. bxc3 c5 14. Qe2 g6 15. Rad1 Qc7 16. h4 b6 17. dxc5 Bb7 18. Ne5 Bxc5 19. h5 f6 20. Bb5 fxe5 21. Rd7 Qb8 22. hxg6 hxg6 23. Qg4 Rf6 24. Qh3 Rf7 25. Qxe6 1-0

[Event "Hastings Masters op 92nd"]
[Site "Hastings"]
[Date "2017.01.01"]
[Round "5"]
[White "Eames, Robert"]
[Black "Batchelor, Peter"]
[Result "0-1"]
[WhiteElo "2187"]
[BlackElo "2365"]
[PlyCount "80"]
[EventDate "2016.12.28"]
[EventType "swiss"]
[EventRounds "9"]
[EventCountry "ENG"]
[SourceTitle "CBM 176 Extra"]
[Source "ChessBase"]
[SourceDate "2017.03.02"]
[SourceVersion "1"]
[SourceVersionDate "2017.03.02"]
[SourceQuality "1"]

1. e4 e6 2. d4 d5 3. Nc3 Nf6 4. Bg5 dxe4 5. Nxe4 Be7 6. Bxf6 gxf6 7. Bc4 f5 8. Ng3 a6 9. Nf3 b5 10. Bb3 Bb7 11. Qe2 c5 12. dxc5 Nc6 13. Rd1 Qc7 14. 0-0 Rd8 15. Bxe6 fxe6 16. Qxe6 Rxd1 17. Rxd1 Bc8 18. Qh6 Ne5 19. Qh5+ Ng6 20. Nxf5 Qxc5 21. N3d4 Bxf5 22. Nxf5 0-0 23. Nxe7+ Qxe7 24. Qd5+ Kg7 25. g3 Ne5 26. f4 Qa7+ 27. Kh1 Nf7 28. Qd4+ Qxd4 29. Rxd4 Rd8 30. Rxd8 Nxd8 31. Kg2 Ne6 32. Kf3 Nd4+ 33. Ke4 Nxc2 34. g4 Nb4 35. a3 Nc6 36. Kd5 Na5 37. Ke6 Kf8 38. g5 Nc4 39. f5 Nxb2 40. h4 Nd3 0-1

[Event "Hastings Masters op 92nd"]
[Site "Hastings"]
[Date "2016.12.31"]
[Round "4"]
[White "Batchelor, Peter"]
[Black "Sugden, John N"]
[Result "1-0"]
[WhiteElo "2365"]
[BlackElo "2071"]
[PlyCount "63"]
[EventDate "2016.12.28"]
[EventType "swiss"]
[EventRounds "9"]
[EventCountry "ENG"]
[SourceTitle "CBM 176 Extra"]
[Source "ChessBase"]
[SourceDate "2017.03.02"]
[SourceVersion "1"]
[SourceVersionDate "2017.03.02"]
[SourceQuality "1"]

1. d4 Nf6 2. Nf3 c5 3. d5 d6 4. Nc3 g6 5. e4 Bg7 6. Bb5+ Bd7 7. a4 0-0 8. 0-0 Na6 9. Re1 Nc7 10. Bf1 Bg4 11. h3 Bxf3 12. Qxf3 b6 13. Nb5 Nfe8 14. a5 Qd7 15. Qb3 bxa5 16. Nxc7 Nxc7 17. Rxa5 Rfb8 18. Qa2 Rb7 19. c3 h6 20. f4 Kh7 21. Be2 a6 22. Bg4 Qd8 23. e5 dxe5 24. fxe5 Nb5 25. Bf3 Rba7 26. Ra4 Qc8 27. Rf4 f5 28. exf6 Bxf6 29. Qb1 Nd6 30. Re6 Rd7 31. Bh5 Qg8 32. Rg4 1-0

[Event "Hastings Masters op 92nd"]
[Site "Hastings"]
[Date "2016.12.30"]
[Round "3"]
[White "Karthikeyan, Murali"]
[Black "Batchelor, Peter"]
[Result "1-0"]
[WhiteElo "2530"]
[BlackElo "2365"]
[PlyCount "71"]
[EventDate "2016.12.28"]
[EventType "swiss"]
[EventRounds "9"]
[EventCountry "ENG"]
[SourceTitle "CBM 176 Extra"]
[Source "ChessBase"]
[SourceDate "2017.03.02"]
[SourceVersion "1"]
[SourceVersionDate "2017.03.02"]
[SourceQuality "1"]

1. e4 c6 2. Nf3 d5 3. Nc3 Nf6 4. e5 Ne4 5. Ne2 Qb6 6. d4 e6 7. c3 c5 8. Ng3 Nxg3 9. hxg3 Nc6 10. a3 a5 11. Bd3 Be7 12. Rb1 Bd7 13. Be3 0-0-0 14. dxc5 Bxc5 15. Bxc5 Qxc5 16. 0-0 Kb8 17. b4 Qb6 18. c4 dxc4 19. Bxc4 axb4 20. axb4 Na7 21. b5 Qc5 22. Qb3 b6 23. Rfc1 Rc8 24. Qb2 Qe7 25. Ra1 Rc7 26. Ra6 Rb7 27. Bd3 Rc8 28. Rca1 Rc5 29. Nd4 f5 30. exf6 Qxf6 31. Be4 Rxb5 32. Qa3 Qxd4 33. Bxb7 Ra5 34. Rxa5 bxa5 35. Bf3 Nc6 36. Rd1 1-0

[Event "London Classic Super rapid 8th"]
[Site "London"]
[Date "2016.12.18"]
[Round "8"]
[White "Batchelor, Peter"]
[Black "Fodor, Tamas Jr"]
[Result "1/2-1/2"]
[WhiteElo "2365"]
[BlackElo "2494"]
[PlyCount "114"]
[EventDate "2016.12.17"]
[EventType "swiss (rapid)"]
[EventRounds "10"]
[EventCountry "ENG"]
[SourceTitle "CBM 176 Extra"]
[Source "ChessBase"]
[SourceDate "2017.03.02"]
[SourceVersion "1"]
[SourceVersionDate "2017.03.02"]
[SourceQuality "1"]

1. Nf3 d5 2. d4 Nf6 3. c4 dxc4 4. e3 Bg4 5. Bxc4 e6 6. 0-0 a6 7. Bb3 Bd6 8. Nc3 Nc6 9. h3 Bh5 10. Re1 0-0 11. g4 Nxg4 12. hxg4 Bxg4 13. Ne4 f5 14. Bxe6+ Kh8 15. Neg5 Qf6 16. d5 Ne5 17. Nxe5 Bxe5 18. f3 Bh5 19. e4 Bd4+ 20. Kg2 Bxb2 21. Rh1 g6 22. Rb1 Bxc1 23. Qxc1 fxe4 24. Qb2 h6 25. Nf7+ Rxf7 26. Rxh5 exf3+ 27. Kf2 Qxb2+ 28. Rxb2 Rh7 29. Rh3 b6 30. Rxf3 Rg7 31. Rc2 Re8 32. Rc6 Kh7 33. Kg3 a5 34. a4 Ree7 35. Rf6 Kh8 36. Rf8+ Kh7 37. Rc8 h5 38. Kh4 Kh6 39. Bf5 Kh7 40. Rxg6 Rxg6 41. Kxh5 Kg7 42. Bxg6 Re5+ 43. Kg4 Kxg6 44. Rxc7 Rxd5 45. Rc6+ Kf7 46. Rxb6 Rd4+ 47. Kf5 Rxa4 48. Ke5 Ke7 49. Kd5 Kd7 50. Kc5 Kc7 51. Rh6 Ra1 52. Rh7+ Kc8 53. Rh8+ Kd7 54. Rh7+ Ke6 55. Ra7 a4 56. Kb4 Rb1+ 57. Ka3 Rb6 1/2-1/2